01099 2200325 4500001002100000005001500021035002500036008004100061082001500102090001900117110006100136245014700197260004900344300002500393650002300418850001200441084001700453040001700470041000800487246011600495990001800611990001800629990001800647990001800665990001800683990001800701990001800719990001800737990001800755YOGYA-0209000004407320191112084525 a0010-020900000044073180718s1956 jki g f 0 ind d04223a353.04 aL 353.04 IND k2 aINDONESIA. Kementerian PeneranganeBadan Penanggungjawab10aKeterangan dan djawaban pemerintah tentang program kabinet Ali Sastroamidjojo (kedua) di Dewan Perwakilan Rakjat /cKementerian Penerangan R.I3 aDjakarta :bKementerian Penerangan RI,c1956 a157 halaman ;c21 cm 4aKabinet Pemerintah aYOPDYOG a353.04 IND k aYOPDYOGbind0 aind aKeterangan dan jawaban pemerintah tentang program kabinet Ali Sastroamidjojo (kedua) di Dewan Perwakilan Rakyat a23815-PD/A.07 a23768-PD/A.07 a41669-PD/A.09 a23768-PD/A.07 a23815-PD/A.07 a41669-PD/A.09 a23768-PD/A.07 a23815-PD/A.07 a41669-PD/A.09